[Event "23rd European Teams"]
[Site "Terme Catez SLO"]
[Date "2021.11.12"]
[Round "1.7"]
[Board "1"]
[White "Bogner, Sebastian"]
[Black "Korobov, Anton"]
[Result "0-1"]
[WhiteTitle "GM"]
[BlackTitle "GM"]
[WhiteElo "2574"]
[BlackElo "2684"]
[WhiteTeam "Switzerland"]
[BlackTeam "Ukraine"]
[WhiteFideId "4692055"]
[BlackFideId "14105730"]
[EventDate "2021.11.12"]

1. e4 c5 2. Nf3 d6 3. Bb5+ Nd7 4. d4 cxd4 5. Nxd4 Nf6 6. Bd3 Nc5 7. Nc3 g6 8.
Nb3 Nxd3+ 9. Qxd3 Bg7 10. Bg5 O-O 11. O-O-O Be6 12. f4 Rc8 13. Rhe1 Rxc3 14.
Qxc3 Nxe4 15. Qe3 d5 16. Qxa7 Qc7 17. Rxe4 dxe4 18. Qc5 Qb8 19. Qe3 Rc8 20. Rd2
Qa8 21. Kb1 Qa6 22. a3 Qf1+ 23. Nc1 Qb5 24. Nb3 f6 25. Bh4 Qc4 26. Nc1 h6 27.
Bf2 f5 28. Qb6 g5 29. g3 Qa6 30. Qxa6 bxa6 31. Ne2 Kf7 32. b3 gxf4 33. gxf4 Bf6
34. c4 Rg8 35. Ng3 Bc8 36. Be3 e5 37. Rd5 exf4 38. Bxf4 Bg5 39. Bc1 e3 40. Kc2
f4 41. Ne4 Kg6 42. Rd6+ Kh5 43. Nxg5 hxg5 44. c5 Re8 45. Kd1 Bg4+ 0-1

[Event "23rd European Teams"]
[Site "Terme Catez SLO"]
[Date "2021.11.12"]
[Round "1.7"]
[Board "2"]
[White "Volokitin, Andrei"]
[Black "Pelletier, Yannick"]
[Result "1-0"]
[WhiteTitle "GM"]
[BlackTitle "GM"]
[WhiteElo "2656"]
[BlackElo "2564"]
[WhiteTeam "Ukraine"]
[BlackTeam "Switzerland"]
[WhiteFideId "14107090"]
[BlackFideId "1301837"]
[EventDate "2021.11.12"]

1. e4 c5 2. Nf3 Nc6 3. Bb5 g6 4. Bxc6 bxc6 5. d4 d6 6. O-O cxd4 7. Qxd4 f6 8. c4
c5 9. Qd3 Bg7 10. Nc3 Nh6 11. Bd2 Nf7 12. b3 O-O 13. Nh4 e6 14. f4 f5 15. Nf3
fxe4 16. Qxe4 d5 17. cxd5 exd5 18. Nxd5 Ba6 19. Rfe1 Re8 20. Qxe8+ Qxe8 21.
Rxe8+ Rxe8 22. Bc3 Bb7 23. Bxg7 Bxd5 24. Bc3 Bxf3 25. gxf3 Re3 26. Rc1 Rxf3 27.
Bd2 Rd3 28. Be1 Nd6 29. Rxc5 Rd1 30. Kf1 Rd4 31. Bg3 Rd2 32. Ra5 Rb2 33. Rxa7
Ne4 34. Ke1 h5 35. Ra8+ Kf7 36. Ra6 Nc3 37. Bf2 Nxa2 38. Bd4 Rxh2 39. Rf6+ Ke7
40. Rxg6 Nc1 41. f5 Nxb3 42. Be5 Rd2 43. Rb6 Rd5 44. f6+ Kf7 45. Rb7+ Kg6 46.
Rg7+ Kf5 47. Bc3 Nc5 48. f7 Ne6 49. Rg8 Rd7 50. f8=Q+ Nxf8 51. Rxf8+ Ke4 52. Kf2
Rd5 53. Kg2 Rg5+ 54. Kh3 Rf5 55. Re8+ Kd3 56. Be5 Rf3+ 57. Kh4 Rf5 58. Bd6 Rd5
59. Be7 Re5 60. Rd8+ Kc4 61. Bg5 Rd5 62. Re8 Kb5 63. Kxh5 Ka5 64. Kg4 Rd4+ 65.
Bf4 Rd5 66. Be5 Ka4 67. Kf4 Rb5 68. Ke4 Ka5 69. Kd4 Rb4+ 70. Kd3 Rb7 71. Bd4 Kb5
72. Rc8 Rf7 73. Rc5+ Kb4 74. Rc6 Rb7 75. Ke4 Re7+ 76. Be5 Kb5 77. Rc8 Rd7 78.
Bf4 Kb4 79. Ke5 Rd3 80. Ke4 Rd7 81. Be3 Kb5 82. Bc5 Kc4 83. Bd6+ Kb3 84. Rc6 Rb7
85. Kd4 Ka4 86. Rc3 Rb1 87. Kc5 Rb5+ 88. Kc6 Rb6+ 89. Kc7 Rb1 90. Kc6 Rb6+ 91.
Kd5 Rb1 92. Rd3 Rb3 93. Rd1 Rb2 94. Bc5 Kb3 95. Rd3+ Kc2 96. Kc4 Kb1 97. Rd1+
Ka2 98. Bb4 Re2 99. Bc3 Ka3 100. Rd8 Ka2 101. Ra8+ Kb1 102. Kd3 Ra2 103. Rb8+
Kc1 104. Re8 1-0

[Event "23rd European Teams"]
[Site "Terme Catez SLO"]
[Date "2021.11.12"]
[Round "1.7"]
[Board "3"]
[White "Georgiadis, Nico"]
[Black "Shevchenko, Kirill"]
[Result "1/2-1/2"]
[WhiteTitle "GM"]
[BlackTitle "GM"]
[WhiteElo "2553"]
[BlackElo "2647"]
[WhiteTeam "Switzerland"]
[BlackTeam "Ukraine"]
[WhiteFideId "1300113"]
[BlackFideId "14129574"]
[EventDate "2021.11.12"]

1. e4 c5 2. Nf3 d6 3. d4 cxd4 4. Nxd4 Nf6 5. Nc3 a6 6. Be3 e5 7. Nb3 Be6 8. h3
Nbd7 9. g4 h6 10. Qd2 b5 11. O-O-O Nb6 12. f4 b4 13. Nd5 Nbxd5 14. exd5 Nxd5 15.
Bg2 Nxe3 16. Bxa8 Nxd1 17. Bc6+ Bd7 18. Bxd7+ Qxd7 19. Rxd1 Be7 20. Qxb4 exf4
21. Kb1 f3 22. Qf4 O-O 23. Qxf3 Bf6 24. Qd5 Re8 25. a3 Qa7 26. Qc6 Rb8 27. Rxd6
Be5 28. Rd7 Qg1+ 29. Ka2 Qh2 30. Re7 Rd8 31. Re8+ Rxe8 32. Qxe8+ Kh7 33. Nc5 Qf4
34. Qa4 Qxa4 35. Nxa4 Kg6 36. Nc5 f5 37. gxf5+ Kxf5 38. Nxa6 g5 39. Nc5 h5 40.
Nd3 Bg3 41. a4 g4 42. hxg4+ Kxg4 43. a5 h4 44. a6 Bb8 45. Nf2+ Kg3 46. Nh1+ Kg2
47. c4 Kxh1 48. c5 h3 49. c6 h2 50. c7 Bxc7 51. a7 Kg1 52. a8=Q Bg3 53. Qf3 Bf2
54. Qg4+ 1/2-1/2

[Event "23rd European Teams"]
[Site "Terme Catez SLO"]
[Date "2021.11.12"]
[Round "1.7"]
[Board "4"]
[White "Onyshchuk, Volodymyr"]
[Black "Kurmann, Oliver"]
[Result "1/2-1/2"]
[WhiteTitle "GM"]
[BlackTitle "IM"]
[WhiteElo "2622"]
[BlackElo "2458"]
[WhiteTeam "Ukraine"]
[BlackTeam "Switzerland"]
[WhiteFideId "14114038"]
[BlackFideId "1308173"]
[EventDate "2021.11.12"]

1. Nf3 Nf6 2. g3 c5 3. Bg2 Nc6 4. O-O e5 5. d3 d5 6. Bg5 Be7 7. a3 Ng8 8. Bxe7
Ngxe7 9. b4 cxb4 10. axb4 Nxb4 11. Nxe5 Qc7 12. d4 Qxc2 13. Qe1 a5 14. Nc3 O-O
15. Rc1 Qb2 16. Rb1 Qc2 17. Rc1 Qb2 18. Rb1 Qc2 19. Rc1 Qb2 1/2-1/2

[Event "23rd European Teams"]
[Site "Terme Catez SLO"]
[Date "2021.11.12"]
[Round "1.8"]
[Board "1"]
[White "Anton Guijarro, David"]
[Black "Gretarsson, Hjorvar Steinn"]
[Result "1-0"]
[WhiteTitle "GM"]
[BlackTitle "GM"]
[WhiteElo "2669"]
[BlackElo "2574"]
[WhiteTeam "Spain"]
[BlackTeam "Iceland"]
[WhiteFideId "2285525"]
[BlackFideId "2302241"]
[EventDate "2021.11.12"]

1. d4 Nf6 2. c4 e6 3. Nf3 d5 4. Nc3 Nbd7 5. cxd5 exd5 6. Bg5 h6 7. Bh4 Bb4 8. e3
g5 9. Bg3 Ne4 10. Nd2 Nxg3 11. hxg3 c6 12. Bd3 Nf6 13. a3 Be7 14. Nf3 Ng4 15. e4
dxe4 16. Bxe4 Kf8 17. Qc2 Bf6 18. O-O Kg7 19. Rad1 Qa5 20. Na4 Rd8 21. b4 Qb5
22. Nc5 a5 23. Rb1 Qb6 24. bxa5 Qxa5 25. Nxb7 Bxb7 26. Rxb7 Ra7 27. Qxc6 Rxb7
28. Qxb7 Bxd4 29. Nxd4 Rxd4 30. Qb2 Qe5 31. Bf3 Nf6 32. a4 g4 33. Bb7 h5 34. a5
Qc5 35. a6 h4 36. Qc1 Rc4 37. Qe3 Qxe3 38. fxe3 Ra4 39. Kh2 h3 40. Rf2 hxg2 41.
Kxg2 Kg6 42. e4 Ra3 43. Rf4 Ra2+ 44. Kg1 Kg5 45. Bc8 Rc2 46. e5 Rxc8 47. exf6
Ra8 48. Ra4 Ra7 49. Kf2 Kxf6 50. Ra5 Kg6 51. Ke3 f6 52. Ke4 f5+ 53. Kf4 Re7 54.
Rxf5 1-0

[Event "23rd European Teams"]
[Site "Terme Catez SLO"]
[Date "2021.11.12"]
[Round "1.8"]
[Board "2"]
[White "Stefansson, Hannes"]
[Black "Santos Latasa, Jaime"]
[Result "0-1"]
[WhiteTitle "GM"]
[BlackTitle "GM"]
[WhiteElo "2519"]
[BlackElo "2633"]
[WhiteTeam "Iceland"]
[BlackTeam "Spain"]
[WhiteFideId "2300087"]
[BlackFideId "2293307"]
[EventDate "2021.11.12"]

1. e4 c5 2. Nf3 d6 3. d4 cxd4 4. Nxd4 Nf6 5. Nc3 a6 6. Be2 e5 7. Nb3 Be7 8. O-O
O-O 9. Kh1 Re8 10. f4 Nc6 11. Bf3 b5 12. Nd5 a5 13. Be3 a4 14. Nc1 Nxd5 15. exd5
Na5 16. b3 axb3 17. cxb3 e4 18. Be2 Bf6 19. Rb1 b4 20. Bb5 Bd7 21. Bxd7 Qxd7 22.
Ne2 Nb7 23. Qd2 Qb5 24. Rbc1 Nc5 25. Bxc5 dxc5 26. Rc4 Qa6 27. Rxc5 Qd3 28. Qc2
Bc3 29. Rc1 Rac8 30. Rxc8 Rxc8 31. Ng3 Re8 32. Qe2 Qxd5 33. Rd1 Qc6 34. Nf5 g6
35. Nd6 Rd8 36. Nc4 Qf6 37. g3 Rd4 38. Kg2 Qc6 39. Rxd4 Bxd4 40. Qd1 e3+ 41. Qf3
Qa6 42. Qe2 Qa8+ 43. Kh3 Qe4 44. a3 bxa3 45. Nxa3 Qe6+ 46. g4 Qxb3 47. Nc2 Bb6
48. Kg3 h6 49. h4 Qd5 50. Ne1 Qe4 51. Ng2 Bd4 52. Kh2 Bc5 53. Kg3 Kg7 54. Qb2+
Bd4 55. Qe2 Kg8 56. Kh2 Bb6 57. Kg3 Qd5 58. Qb2 Bd4 59. Qc2 Bc5 60. Kh2 g5 61.
hxg5 hxg5 62. Kg3 Bd6 63. Qc8+ Kh7 64. Qc2+ Kh6 65. Qc8 gxf4+ 66. Nxf4 Qe5 0-1

[Event "23rd European Teams"]
[Site "Terme Catez SLO"]
[Date "2021.11.12"]
[Round "1.8"]
[Board "3"]
[White "Salgado Lopez, Ivan"]
[Black "Gretarsson, Helgi Ass"]
[Result "1/2-1/2"]
[WhiteTitle "GM"]
[BlackTitle "GM"]
[WhiteElo "2609"]
[BlackElo "2476"]
[WhiteTeam "Spain"]
[BlackTeam "Iceland"]
[WhiteFideId "2257327"]
[BlackFideId "2300699"]
[EventDate "2021.11.12"]

1. d4 d5 2. Nf3 Nf6 3. c4 c6 4. e3 a6 5. Nc3 Bf5 6. Qb3 b5 7. c5 a5 8. Ne5 g6 9.
Nxb5 a4 10. Qb4 Bg7 11. Nc3 a3 12. Qb7 axb2 13. Bxb2 Qa5 14. Nxc6 Nxc6 15. Qxc6+
Nd7 16. Qb5 Qa7 17. Qb4 O-O 18. Bb5 Rfb8 19. Rd1 Nf6 20. a4 Qc7 21. Qb3 e6 22.
f3 h5 23. h4 Qg3+ 24. Kf1 Rb7 25. Ne2 Qb8 26. Kf2 Ne8 27. Nc3 Nc7 28. Rd2 e5 29.
c6 Rb6 30. dxe5 Be6 31. Qb4 Rxc6 32. Rd4 Bf8 33. Qb3 Bc5 34. Rhd1 Bxd4 35. Rxd4
Rb6 36. Qc2 Nxb5 37. Nxb5 Qc8 38. Qd2 Rc6 39. Bc3 Rc4 40. Nd6 Rxd4 41. Qxd4 Qc6
42. a5 Rb8 43. e4 Rb3 44. exd5 Qxc3 45. Qxc3 Rxc3 46. dxe6 fxe6 47. Ne4 Rc2+ 48.
Kg3 Kf7 49. Nd6+ Kf8 50. a6 Ra2 51. Kf4 Rxa6 52. Kg5 Kg7 53. Ne8+ Kf7 54. Nd6+
Kg7 55. Ne8+ Kf7 1/2-1/2

[Event "23rd European Teams"]
[Site "Terme Catez SLO"]
[Date "2021.11.12"]
[Round "1.8"]
[Board "4"]
[White "Kjartansson, Gudmundur"]
[Black "Santos Ruiz, Miguel"]
[Result "1-0"]
[WhiteTitle "GM"]
[BlackTitle "GM"]
[WhiteElo "2443"]
[BlackElo "2603"]
[WhiteTeam "Iceland"]
[BlackTeam "Spain"]
[WhiteFideId "2301318"]
[BlackFideId "22291482"]
[EventDate "2021.11.12"]

1. d4 Nf6 2. c4 e6 3. Nf3 d5 4. Nc3 Bb4 5. Qa4+ Nc6 6. e3 O-O 7. Qc2 Re8 8. Bd2
Bf8 9. a3 e5 10. dxe5 Nxe5 11. cxd5 Nxf3+ 12. gxf3 Nxd5 13. h4 a5 14. Bd3 g6 15.
O-O-O Nb4 16. axb4 axb4 17. h5 Ra1+ 18. Nb1 Qf6 19. hxg6 hxg6 20. Rdg1 Re6 21.
Be4 Bd7 22. Qxc7 Rxe4 23. fxe4 Qe6 24. Qh2 Rxb1+ 25. Kxb1 Qxe4+ 26. Ka1 Bg7 27.
Qb8+ Be8 28. Rh4 1-0

[Event "23rd European Teams"]
[Site "Terme Catez SLO"]
[Date "2021.11.12"]
[Round "1.9"]
[Board "1"]
[White "Pechac, Jergus"]
[Black "Nisipeanu, Liviu-Dieter"]
[Result "1/2-1/2"]
[WhiteTitle "GM"]
[BlackTitle "GM"]
[WhiteElo "2562"]
[BlackElo "2651"]
[WhiteTeam "Slovakia"]
[BlackTeam "Germany"]
[WhiteFideId "14926970"]
[BlackFideId "1202758"]
[EventDate "2021.11.12"]

1. d4 Nf6 2. c4 e6 3. Nf3 d5 4. g3 Be7 5. Bg2 O-O 6. O-O dxc4 7. Qc2 a6 8. a4 h6
9. Rd1 Nc6 10. Qxc4 e5 11. Nc3 e4 12. Ne5 Na5 13. Qa2 Bd6 14. b3 Bf5 15. Nc4 Nc6
16. Ba3 Nb4 17. Qd2 a5 18. Nxd6 Qxd6 19. Nb5 Qd7 20. Bxb4 axb4 21. Qxb4 Rad8 22.
Qc5 c6 23. Nd6 Bg4 24. Nxe4 Nxe4 25. Bxe4 Bxe2 26. Rd2 Qg4 27. Qc2 Bf3 28. Bxf3
Qxf3 29. Qd3 Qd5 30. Qc4 Rfe8 31. Rad1 g6 32. Rd3 Re2 33. Qxd5 Rxd5 34. Kf1 Rb2
35. R1d2 Rb1+ 36. Ke2 Kf8 37. Re3 h5 38. h4 Kg7 39. Rc3 f6 40. Kd3 g5 41. hxg5
fxg5 42. Ke4 Kg6 43. Re3 h4 44. gxh4 gxh4 45. f4 Rg1 46. Rh3 Kh5 47. Rdh2 Rg4
48. Rd2 Rg1 49. Rdh2 Rg4 50. Rd2 Rg1 51. Rh1 1/2-1/2

[Event "23rd European Teams"]
[Site "Terme Catez SLO"]
[Date "2021.11.12"]
[Round "1.9"]
[Board "2"]
[White "Donchenko, Alexander"]
[Black "Druska, Juraj"]
[Result "1-0"]
[WhiteTitle "GM"]
[BlackTitle "IM"]
[WhiteElo "2645"]
[BlackElo "2508"]
[WhiteTeam "Germany"]
[BlackTeam "Slovakia"]
[WhiteFideId "24603295"]
[BlackFideId "14915650"]
[EventDate "2021.11.12"]

1. c4 e6 2. Nc3 d5 3. d4 h6 4. cxd5 exd5 5. Bf4 Nf6 6. e3 Bd6 7. Bxd6 Qxd6 8.
Bd3 O-O 9. Nge2 Be6 10. O-O Nbd7 11. Qd2 c5 12. Rac1 Rac8 13. h3 a6 14. Bb1 b5
15. dxc5 Rxc5 16. Ng3 Qe7 17. Nce2 Rfc8 18. Rcd1 Ne5 19. b3 R5c7 20. Nd4 Nc6 21.
Nxe6 fxe6 22. e4 Qb4 23. Qe2 dxe4 24. Nxe4 Nxe4 25. Bxe4 Ne5 26. Rfe1 Nf7 27.
Qg4 Qc3 28. Qxe6 Qf6 29. Qg4 Rf8 30. Bb1 Ng5 31. Re2 Qf4 32. Qxf4 Rxf4 33. Bg6
Rc8 34. Rd6 Rf6 35. Rxf6 gxf6 36. f4 Nf7 37. Re6 Kg7 38. Bh5 Nd8 39. Rxa6 Nc6
40. Rb6 Nd4 41. Rd6 Rc1+ 42. Kh2 Nf5 43. Rd7+ Kg8 44. Bf3 Ne3 45. Kg3 Rc2 46.
Rd3 Nf5+ 47. Kg4 Ne7 48. a4 bxa4 49. bxa4 Kf7 50. Ra3 Kg6 51. a5 Nf5 52. Be4 1-0

[Event "23rd European Teams"]
[Site "Terme Catez SLO"]
[Date "2021.11.12"]
[Round "1.9"]
[Board "3"]
[White "Petenyi, Tamas"]
[Black "Bluebaum, Matthias"]
[Result "1/2-1/2"]
[WhiteTitle "IM"]
[BlackTitle "GM"]
[WhiteElo "2458"]
[BlackElo "2647"]
[WhiteTeam "Slovakia"]
[BlackTeam "Germany"]
[WhiteFideId "14909090"]
[BlackFideId "24651516"]
[EventDate "2021.11.12"]

1. e4 e6 2. d4 d5 3. Nd2 c5 4. exd5 Qxd5 5. dxc5 Nf6 6. Ngf3 Qxc5 7. Bd3 Nbd7 8.
O-O Qc7 9. Qe2 Nc5 10. Bb5+ Bd7 11. Ne5 Bxb5 12. Qxb5+ Ncd7 13. Nxd7 Qxd7 14.
Qxd7+ Nxd7 15. Nf3 Rc8 16. c3 Nb6 17. Be3 Bc5 18. Bxc5 Rxc5 19. Rfd1 Ke7 20.
Rac1 Rhc8 21. Rc2 Nd5 22. Rcd2 b5 23. g3 Nb6 24. Nd4 Nc4 25. Re2 a6 26. f4 g6
27. Nf3 h6 28. Kg2 R8c7 29. h3 Rb7 30. g4 a5 31. Kg3 Nd6 32. Rd4 b4 33. cxb4
Rxb4 34. Rxb4 axb4 35. Ne5 Rc1 36. Nd3 Rc4 37. Ne5 Rc8 38. Nd3 Rc4 39. Ne5 Rc8
40. Nd3 1/2-1/2

[Event "23rd European Teams"]
[Site "Terme Catez SLO"]
[Date "2021.11.12"]
[Round "1.9"]
[Board "4"]
[White "Svane, Rasmus"]
[Black "Sahidi, Samir"]
[Result "1-0"]
[WhiteTitle "GM"]
[BlackTitle "IM"]
[WhiteElo "2628"]
[BlackElo "2432"]
[WhiteTeam "Germany"]
[BlackTeam "Slovakia"]
[WhiteFideId "4657101"]
[BlackFideId "14936372"]
[EventDate "2021.11.12"]

1. d4 Nf6 2. Nf3 e6 3. c4 b6 4. g3 Bb7 5. Bg2 Bb4+ 6. Bd2 Bxd2+ 7. Qxd2 O-O 8.
O-O d6 9. Qf4 Nbd7 10. Nc3 Re8 11. Rfe1 Qe7 12. e4 Nf8 13. Rad1 Rad8 14. Qe3 Ng6
15. d5 e5 16. b4 c5 17. dxc6 Bxc6 18. a4 Qc7 19. Rc1 Qb8 20. h4 Bd7 21. Nd5 Nxd5
22. cxd5 Nf8 23. Bf1 f5 24. Bb5 fxe4 25. Ng5 a5 26. Bxd7 Rxd7 27. b5 Rdd8 28.
Rc6 Nd7 29. Qxe4 Nf6 30. Qe3 h6 31. Ne4 Nxe4 32. Qxe4 Re7 33. Rec1 Rf7 34. Qg4
Qb7 35. Rc8 Rd7 36. Qe6+ Kh8 37. Rxd8+ Rxd8 38. Rc6 Qb8 39. Qe7 Kh7 40. Rc7 Rg8
41. h5 Qf8 42. Qxf8 Rxf8 43. Kg2 e4 44. Rc6 Rf3 45. Rxd6 Ra3 46. Rxb6 Rxa4 47.
d6 Ra2 48. Kf1 Rd2 49. Rc6 a4 50. Ra6 a3 51. Rxa3 Rxd6 52. Rb3 Rb6 53. Ke2 g6
54. Ke3 gxh5 55. Kxe4 Kg6 56. Kd5 Kg5 57. Kc5 Rb8 58. b6 h4 59. gxh4+ Kxh4 60.
b7 1-0

[Event "23rd European Teams"]
[Site "Terme Catez SLO"]
[Date "2021.11.12"]
[Round "1.10"]
[Board "1"]
[White "Erdos, Viktor"]
[Black "Djukic, Nikola"]
[Result "1/2-1/2"]
[WhiteTitle "GM"]
[BlackTitle "GM"]
[WhiteElo "2615"]
[BlackElo "2519"]
[WhiteTeam "Hungary"]
[BlackTeam "Montenegro"]
[WhiteFideId "719978"]
[BlackFideId "922412"]
[EventDate "2021.11.12"]

1. e4 c5 2. Nf3 d6 3. Bb5+ Bd7 4. Bxd7+ Qxd7 5. O-O Nc6 6. c3 d5 7. d3 e6 8. Qe2
Nge7 9. Na3 Ng6 10. h4 Be7 11. h5 Nf8 12. Bf4 O-O-O 13. Rfd1 f6 14. b4 cxb4 15.
cxb4 Bxb4 16. Nc2 Be7 17. Bg3 Bd6 18. exd5 exd5 19. Bxd6 Qxd6 20. Ncd4 Nxd4 21.
Nxd4 Nd7 22. Nb5 Qb6 23. Rab1 Kb8 24. Qe7 Qc5 25. Qxg7 d4 26. Rdc1 Qxh5 27. Nxd4
Nb6 28. Ne6 Rdg8 29. Qc7+ Ka8 30. Qd6 Qe5 31. Nc7+ Kb8 32. Na6+ Ka8 33. Nc7+ Kb8
34. Na6+ Ka8 35. Nc7+ 1/2-1/2

[Event "23rd European Teams"]
[Site "Terme Catez SLO"]
[Date "2021.11.12"]
[Round "1.10"]
[Board "2"]
[White "Draskovic, Luka"]
[Black "Banusz, Tamas"]
[Result "0-1"]
[WhiteTitle "IM"]
[BlackTitle "GM"]
[WhiteElo "2469"]
[BlackElo "2607"]
[WhiteTeam "Montenegro"]
[BlackTeam "Hungary"]
[WhiteFideId "944335"]
[BlackFideId "722413"]
[EventDate "2021.11.12"]

1. e4 e5 2. Nf3 Nc6 3. Bc4 Nf6 4. d3 Bc5 5. O-O d6 6. c3 a5 7. h3 O-O 8. Re1 h6
9. Nbd2 a4 10. Bb5 Bd7 11. Nc4 Nb8 12. Bxd7 Nbxd7 13. d4 Ba7 14. dxe5 dxe5 15.
Qc2 Qe7 16. Be3 Qe6 17. Bxa7 Qxc4 18. Be3 Qxe4 19. Qxe4 Nxe4 20. Bxh6 Ndc5 21.
Be3 Nd3 22. Reb1 b6 23. Ne1 Rfd8 24. Nxd3 Rxd3 25. Re1 a3 26. Bc1 axb2 27. Bxb2
Nc5 28. c4 f6 29. Re2 Na4 30. Rc1 Nc5 31. Ra1 Rad8 32. Rae1 Rd1 33. Ba3 Na4 34.
Rxd1 Rxd1+ 35. Kh2 Kf7 36. f4 Rd3 37. Bb4 c5 38. Bd2 exf4 39. Bxf4 Rd4 40. Bc7
Rxc4 41. Bd6 Rd4 42. Re7+ Kg6 43. Bg3 c4 44. Rc7 c3 45. Be1 Rd3 0-1

[Event "23rd European Teams"]
[Site "Terme Catez SLO"]
[Date "2021.11.12"]
[Round "1.10"]
[Board "3"]
[White "Gledura, Benjamin"]
[Black "Blagojevic, Dragisa"]
[Result "1-0"]
[WhiteTitle "GM"]
[BlackTitle "GM"]
[WhiteElo "2635"]
[BlackElo "2467"]
[WhiteTeam "Hungary"]
[BlackTeam "Montenegro"]
[WhiteFideId "712779"]
[BlackFideId "900885"]
[EventDate "2021.11.12"]

1. Nf3 d5 2. g3 Nf6 3. Bg2 Bg4 4. O-O e6 5. h3 Bh5 6. c4 c6 7. d4 Nbd7 8. cxd5
exd5 9. Ne5 Bg6 10. Nc3 Bb4 11. Qb3 Qb6 12. Na4 Qb5 13. a3 Ba5 14. Qxb5 cxb5 15.
Nxd7 Nxd7 16. b4 bxa4 17. bxa5 Nf6 18. Ra2 b5 19. axb6 axb6 20. Rb2 Kd7 21. Bf4
Rhc8 22. Rxb6 Rc3 23. Bd6 Rac8 24. Bb4 R3c6 25. Rb5 Ke6 26. Ra5 Bc2 27. Rc1 Bb3
28. Rxc6+ Rxc6 29. Ra7 Nd7 30. g4 g6 31. g5 f6 32. gxf6 Rc1+ 33. Kh2 Nxf6 34.
Re7+ 1-0

[Event "23rd European Teams"]
[Site "Terme Catez SLO"]
[Date "2021.11.12"]
[Round "1.11"]
[Board "1"]
[White "Dardha, Daniel"]
[Black "Martirosyan, Haik M."]
[Result "0-1"]
[WhiteTitle "IM"]
[BlackTitle "GM"]
[WhiteElo "2525"]
[BlackElo "2624"]
[WhiteTeam "Belgium"]
[BlackTeam "Armenia"]
[WhiteFideId "240990"]
[BlackFideId "13306553"]
[EventDate "2021.11.12"]

1. d4 Nf6 2. c4 e6 3. Nf3 b6 4. a3 Bb7 5. Bf4 c5 6. Nc3 cxd4 7. Qxd4 Nc6 8. Qd3
Nh5 9. Bg5 Be7 10. Bxe7 Qxe7 11. Nb5 O-O 12. Nd6 Nd8 13. Rd1 Nf6 14. e4 Bc6 15.
Be2 Ne8 16. Nb5 Nb7 17. Nc3 Nc5 18. Qe3 d6 19. Nd4 Bb7 20. b4 Nd7 21. O-O Rc8
22. f4 a6 23. Rc1 g6 24. Nf3 Nef6 25. Bd3 Rc7 26. h3 Rfc8 27. Na4 b5 28. cxb5
axb5 29. Rxc7 Rxc7 30. Nb6 Nxb6 31. Qxb6 Nxe4 32. Qxb5 Ng3 33. Rf2 Bd5 34. Qb8+
Kg7 35. Qb6 Rc3 36. Qd4+ Qf6 37. Rd2 Bxf3 38. Qxf6+ Kxf6 39. gxf3 Rxa3 40. Kf2
Nh5 41. Ke3 Rb3 42. b5 Rb4 43. Bf1 Ng3 44. Bd3 d5 45. Rd1 Nf5+ 46. Kd2 Nd6 47.
Kc3 Rxf4 48. b6 Rxf3 49. Kb4 Rxh3 50. Ba6 Rh2 51. Rb1 Rc2 52. b7 Nxb7 53. Bxb7
h5 54. Rf1+ Ke7 55. Ba6 h4 56. Bd3 Rc8 0-1

[Event "23rd European Teams"]
[Site "Terme Catez SLO"]
[Date "2021.11.12"]
[Round "1.11"]
[Board "2"]
[White "Hovhannisyan, Robert"]
[Black "Docx, Stefan"]
[Result "1-0"]
[WhiteTitle "GM"]
[BlackTitle "IM"]
[WhiteElo "2622"]
[BlackElo "2432"]
[WhiteTeam "Armenia"]
[BlackTeam "Belgium"]
[WhiteFideId "13302507"]
[BlackFideId "200778"]
[EventDate "2021.11.12"]

1. e4 c5 2. Nf3 d6 3. d4 cxd4 4. Nxd4 Nf6 5. Nc3 Nc6 6. Bg5 e6 7. Qd2 a6 8.
O-O-O Bd7 9. f4 Be7 10. Nf3 b5 11. Bxf6 gxf6 12. f5 Qb6 13. Kb1 O-O-O 14. a3 Kb8
15. Nd4 h5 16. h4 Ne5 17. Rh3 Rhg8 18. Qe1 Bf8 19. Be2 Rxg2 20. Bxh5 Bh6 21.
Bxf7 exf5 22. Bb3 fxe4 23. Nd5 Qa7 24. Rc3 Rc8 25. Nxf6 e3 26. Nxd7+ Nxd7 27.
Bd5 Rd2 28. Rxc8+ Kxc8 29. Rxd2 1-0

[Event "23rd European Teams"]
[Site "Terme Catez SLO"]
[Date "2021.11.12"]
[Round "1.11"]
[Board "4"]
[White "Gabuzyan, Hovhannes"]
[Black "Verstraeten, Rein"]
[Result "1/2-1/2"]
[WhiteTitle "GM"]
[BlackTitle "IM"]
[WhiteElo "2598"]
[BlackElo "2386"]
[WhiteTeam "Armenia"]
[BlackTeam "Belgium"]
[WhiteFideId "13303732"]
[BlackFideId "223654"]
[EventDate "2021.11.12"]

1. c4 e6 2. g3 Nf6 3. Bg2 d5 4. Nf3 Be7 5. Qc2 O-O 6. d4 c5 7. cxd5 cxd4 8. Nxd4
Nxd5 9. O-O Bd7 10. Nc3 Nc6 11. Nxc6 Bxc6 12. Nxd5 Bxd5 13. Rd1 Rc8 14. Qb1 Qa5
15. Bxd5 exd5 16. Qd3 Bf6 17. Bd2 Qb6 18. Rab1 d4 19. b3 Qe6 20. Rbc1 h5 21. Qf3
h4 22. g4 g6 23. h3 b5 24. Qd3 a6 25. Rxc8 Rxc8 26. Rc1 Re8 27. Re1 Qe5 28. Qf3
Bg5 29. Bxg5 Qxg5 30. Kf1 Qd2 31. a4 1/2-1/2

[Event "23rd European Teams"]
[Site "Terme Catez SLO"]
[Date "2021.11.12"]
[Round "1.13"]
[Board "1"]
[White "Mehmeti, Dritan"]
[Black "Indjic, Aleksandar"]
[Result "0-1"]
[WhiteTitle "IM"]
[BlackTitle "GM"]
[WhiteElo "2391"]
[BlackElo "2612"]
[WhiteTeam "Albania"]
[BlackTeam "Serbia"]
[WhiteFideId "4700600"]
[BlackFideId "911925"]
[EventDate "2021.11.12"]

1. d4 Nf6 2. Nf3 e6 3. Bf4 c5 4. e3 cxd4 5. exd4 b6 6. Bd3 Ba6 7. O-O Be7 8. Re1
O-O 9. c3 d6 10. a4 Bb7 11. Nbd2 a6 12. Qe2 h6 13. Ne4 Nxe4 14. Bxe4 Bxe4 15.
Qxe4 Nd7 16. Qd3 Nf6 17. Bg3 Nd5 18. Nd2 Qd7 19. Nc4 b5 20. axb5 axb5 21. Ne3
Nxe3 22. fxe3 d5 23. e4 dxe4 24. Qxe4 Rac8 25. Rad1 Rfd8 26. Rd3 Qd5 27. Qxd5
Rxd5 28. Re5 Rxe5 29. Bxe5 f6 30. Bg3 Ra8 31. Rd2 Ra2 32. Kf2 Ba3 33. Ke2 Rxb2
34. Rxb2 Bxb2 35. Kd3 Ba3 36. c4 bxc4+ 37. Kxc4 Kf7 38. Kd3 Ke7 39. h3 Kd7 40.
Bh2 Kc6 41. Kc4 Bd6 42. Bg1 Bg3 43. Be3 g5 44. Bd2 h5 45. Bc1 Bf4 46. Ba3 f5 47.
Bf8 Bg3 48. Bh6 g4 49. Bg7 f4 50. hxg4 h4 0-1